[Event "22. Copenhagen Open  (Politiken Cup)"]
[Site "Copenhagen"]
[Date "2000.07.21"]
[Round "5"]
[White "Simonsen, Olavur"]
[Black "Antonsen, Mikkel"]
[Result "1-0"]
[WhiteElo "2183"]
[BlackElo "2377"]
[PlyCount "79"]
[EventDate "2000.07.17"]
[EventType "swiss"]
[EventRounds "11"]
[EventCountry "DEN"]
[SourceDate "2004.01.01"]

1. e4 e6 2. d4 d5 3. e5 c5 4. Qg4 cxd4 5. Nf3 Ne7 6. Bd3 Nbc6 7. O-O Ng6 8. Qh5
Be7 9. Re1 Bd7 10. a3 Rc8 11. g3 Qc7 12. Nbd2 O-O 13. Nb3 f6 14. exf6 Bxf6 15.
Bg5 Nce7 16. Bxf6 gxf6 17. Nh4 Kg7 18. Nxd4 Qd6 {#} 19. Rxe6 Bxe6 20. Re1 Rc6 (
20... Bd7 21. Rxe7+ Qxe7 22. Nhf5+ Bxf5 23. Nxf5+ Kf7 24. Nxe7 Kxe7 25. Qxh7+
Kd6 26. Qxg6 $18) 21. Rxe6 Qxe6 22. Nxe6+ Rxe6 23. Nf5+ Nxf5 24. Qxf5 Re5 25.
Qd7+ Rf7 26. Qc8 Rfe7 27. f4 Re1+ 28. Kg2 Rd1 29. h4 Rd2+ 30. Kh3 Re3 31. Qf5
Rf2 32. Qd7+ Kh6 33. Bxg6 hxg6 34. Qd8 Kg7 35. Qd7+ Kh6 36. Qc8 Kg7 37. Qxb7+
Kh6 38. Qb8 Kg7 39. Qxa7+ Kh6 40. Qxe3 1-0

[Event "22. Copenhagen Open  (Politiken Cup)"]
[Site "Copenhagen"]
[Date "2000.07.21"]
[Round "5"]
[White "Tornerup, John"]
[Black "Schonberg, Pauli"]
[Result "1-0"]
[WhiteElo "2020"]
[BlackElo "1504"]
[PlyCount "87"]
[EventDate "2000.07.17"]
[EventType "swiss"]
[EventRounds "11"]
[EventCountry "DEN"]
[SourceDate "2004.01.01"]

1. c4 b6 2. Nc3 Bb7 3. d4 e6 4. e4 Bb4 5. f3 Bxc3+ 6. bxc3 Bxe4 7. fxe4 Qh4+ 8.
Kd2 Qxe4 9. Qf3 Qxf3 10. Nxf3 Nf6 11. Bd3 d6 12. Kc2 h6 13. h3 Nbd7 14. g4
O-O-O 15. a4 a5 16. c5 dxc5 17. Ba6+ Kb8 18. Rb1 Ka7 19. Bb5 cxd4 20. Nxd4 Nb8
21. Bf4 Nd5 22. Bg3 Kb7 23. Rhe1 Rc8 24. Bf1 Rhe8 25. Bg2 c6 26. Be5 Na6 27.
Bxg7 f6 28. Nxe6 Rg8 29. Bxh6 Nab4+ 30. cxb4 Nxb4+ 31. Rxb4 axb4 32. Bd2 f5 33.
g5 Ka6 34. Bxb4 c5 35. Bf1+ Ka7 36. Bc3 Rc6 37. a5 Rg6 38. axb6+ Rxb6 39. Ra1+
Kb8 40. Be5+ Kc8 41. Ra8+ Kd7 42. Nf8+ Ke7 43. Nxg6+ Rxg6 44. Bf6+ 1-0

[Event "22. Copenhagen Open  (Politiken Cup)"]
[Site "Copenhagen"]
[Date "2000.07.21"]
[Round "5"]
[White "Trarup, Jorgen"]
[Black "Schonberg, Niels Peder"]
[Result "0-1"]
[WhiteElo "1309"]
[BlackElo "1198"]
[PlyCount "118"]
[EventDate "2000.07.17"]
[EventType "swiss"]
[EventRounds "11"]
[EventCountry "DEN"]
[SourceDate "2004.01.01"]

1. e4 e5 2. Nf3 Nc6 3. c3 a6 4. b4 Nge7 5. a4 d6 6. Qb3 Be6 7. c4 h6 8. Bb2 Ng6
9. d4 Bg4 10. Nbd2 Be7 11. d5 Nb8 12. h3 Bc8 13. g3 O-O 14. Rc1 b6 15. Qe3 Bd7
16. b5 a5 17. h4 f5 18. exf5 Bxf5 19. h5 Nh8 20. Bh3 Bxh3 21. Rxh3 Qd7 22. Rh2
Qg4 23. Kf1 Nd7 24. Re1 Nc5 25. Kg2 Qf5 26. Ba1 Nxa4 27. Nh4 Bxh4 28. Rxh4 Nc5
29. Nf3 a4 30. Nh2 Nd3 31. Re2 Nf7 32. Re4 Nc5 33. Rg4 Rae8 34. Qf3 Qxf3+ 35.
Nxf3 Nd7 36. Nh4 Nf6 37. Rg6 Nxh5 38. Re6 Ng5 39. Rxe8 Rxe8 40. f4 Nf7 41. Ng6
Kh7 42. f5 Nf6 43. Kf3 h5 44. Ke3 Nh6 45. Nh4 Ra8 46. Kd3 a3 47. Kc3 Nd7 48.
Ra2 Nc5 49. Re2 a2 50. Kb2 Ra4 51. Re3 Rb4+ 52. Ka3 Rxc4 53. Kxa2 Ra4+ 54. Ra3
Rxa3+ 55. Kxa3 Ne4 56. Kb3 Nxg3 57. Kc3 Nhxf5 58. Nf3 h4 59. Kd3 e4+ 0-1

[Event "22. Copenhagen Open  (Politiken Cup)"]
[Site "Copenhagen"]
[Date "2000.07.21"]
[Round "5"]
[White "Ward, Christopher"]
[Black "Eriksson, Johan"]
[Result "1/2-1/2"]
[WhiteElo "2508"]
[BlackElo "2369"]
[PlyCount "74"]
[EventDate "2000.07.17"]
[EventType "swiss"]
[EventRounds "11"]
[EventCountry "DEN"]
[SourceDate "2004.01.01"]

1. d4 Nf6 2. c4 c5 3. Nf3 cxd4 4. Nxd4 b6 5. Nc3 Bb7 6. Bg5 d6 7. Bxf6 gxf6 8.
e3 e6 9. Qh5 Qc8 10. O-O-O Qc5 11. Qxc5 dxc5 12. Ndb5 Na6 13. Rg1 Ke7 14. a3 f5
15. g3 Bg7 16. Bg2 Bxg2 17. Rxg2 Bxc3 18. bxc3 h5 19. Rgg1 Rhc8 20. Rd3 Nb8 21.
Rgd1 a6 22. Nd6 Rc7 23. e4 fxe4 24. Nxe4 Nc6 25. f4 Na5 26. f5 exf5 27. Nd6 Kf6
28. Rd5 Kg6 29. Rf1 Rd8 30. Nxf5 Rxd5 31. cxd5 Nc4 32. Kc2 Rd7 33. a4 b5 34.
Nh4+ Kg7 35. Nf5+ Kg6 36. Nh4+ Kg7 37. Nf5+ Kg6 1/2-1/2

[Event "22. Copenhagen Open  (Politiken Cup)"]
[Site "Copenhagen"]
[Date "2000.07.21"]
[Round "5"]
[White "Wiman, Kenneth"]
[Black "Bogdanov, Dimitri"]
[Result "1/2-1/2"]
[WhiteElo "1895"]
[BlackElo "2093"]
[PlyCount "116"]
[EventDate "2000.07.17"]
[EventType "swiss"]
[EventRounds "11"]
[EventCountry "DEN"]
[SourceDate "2004.01.01"]

1. e4 g6 2. d4 Bg7 3. Nc3 d6 4. Be3 c6 5. Qd2 Nd7 6. f3 b5 7. Nh3 Nb6 8. Nf2 b4
9. Ncd1 a5 10. a3 bxa3 11. Rxa3 Ba6 12. Bxa6 Rxa6 13. Qd3 Ra8 14. O-O d5 15.
exd5 Nxd5 16. c3 Ngf6 17. Ne4 Nxe3 18. Nxe3 O-O 19. Nxf6+ Bxf6 20. Ng4 Bg7 21.
Rd1 Qb6 22. Qe2 e6 23. Rd2 Rfd8 24. Ra1 c5 25. dxc5 Qxc5+ 26. Kf1 h5 27. Nf2
Rxd2 28. Qxd2 Qc7 29. Kg1 Rd8 30. Qe2 Qb6 31. Kf1 Rb8 32. Nd3 Bf6 33. Qe4 Rd8
34. Ke2 Qd6 35. g3 h4 36. f4 hxg3 37. hxg3 Qa6 38. Ra4 Rd5 39. Qc4 Qd6 40. Ra1
Rh5 41. Kf3 Qb6 42. Qe4 Kg7 43. Rc1 g5 44. Kg4 Rh6 45. fxg5 Rg6 46. Rh1 Rxg5+
47. Kf3 Rf5+ 48. Kg2 Qb3 49. Re1 Rd5 50. Re2 Qd1 51. Nf4 Rf5 52. Qc2 Qd7 53.
Qe4 Qb5 54. Rf2 Rg5 55. Nh3 Rg6 56. Nf4 Rg5 57. Nh3 Rg6 58. Nf4 Rg5 1/2-1/2

[Event "22. Copenhagen Open  (Politiken Cup)"]
[Site "Copenhagen"]
[Date "2000.07.21"]
[Round "5"]
[White "Zyde, Fadmal"]
[Black "Rubeksen, Thomas Hans"]
[Result "1-0"]
[WhiteElo "1619"]
[BlackElo "1210"]
[PlyCount "57"]
[EventDate "2000.07.17"]
[EventType "swiss"]
[EventRounds "11"]
[EventCountry "DEN"]
[SourceDate "2004.01.01"]

1. e4 e5 2. Nf3 d6 3. Nc3 Nc6 4. Bc4 h6 5. h3 Nf6 6. d4 exd4 7. Nxd4 Nxd4 8.
Qxd4 Be6 9. O-O Be7 10. Bf4 a6 11. Bxe6 fxe6 12. e5 Nh5 13. exd6 cxd6 14. Bh2
Nf6 15. Rad1 e5 16. Qa4+ b5 17. Qb3 Qc7 18. Rfe1 Rc8 19. f4 Qc5+ 20. Kh1 exf4
21. Bxf4 Rd8 22. Qe6 Rd7 23. Bxd6 Qa7 24. Bxe7 Rxe7 25. Qc6+ Kf7 26. Rxe7+ Qxe7
27. Nd5 Qe6 28. Qb7+ Kg6 29. Nf4+ 1-0

[Event "22. Copenhagen Open  (Politiken Cup)"]
[Site "Copenhagen"]
[Date "2000.07.21"]
[Round "5"]
[White "Osttveit, Martin"]
[Black "Bering, Anders"]
[Result "1/2-1/2"]
[WhiteElo "2079"]
[BlackElo "1943"]
[PlyCount "37"]
[EventDate "2000.07.17"]
[EventType "swiss"]
[EventRounds "11"]
[EventCountry "DEN"]
[SourceDate "2004.01.01"]

1. c4 e5 2. Nc3 Bb4 3. g3 Bxc3 4. dxc3 Nc6 5. Bg2 d6 6. c5 dxc5 7. Bxc6+ bxc6
8. Qxd8+ Kxd8 9. c4 Be6 10. b3 a5 11. Be3 a4 12. O-O-O+ Kc8 13. Kb2 Nf6 14. Nf3
axb3 15. axb3 Nd7 16. Ng5 Re8 17. Nxe6 Rxe6 18. Ra1 Rxa1 19. Rxa1 $11 1/2-1/2

[Event "22. Copenhagen Open  (Politiken Cup)"]
[Site "Copenhagen"]
[Date "2000.07.22"]
[Round "6"]
[White "Adamski, Jan"]
[Black "Jessen, Simon Pind"]
[Result "1/2-1/2"]
[WhiteElo "2381"]
[BlackElo "2126"]
[PlyCount "72"]
[EventDate "2000.07.17"]
[EventType "swiss"]
[EventRounds "11"]
[EventCountry "DEN"]
[SourceDate "2004.01.01"]

1. c4 Nf6 2. Nf3 g6 3. Nc3 d5 4. Qa4+ c6 5. cxd5 Nxd5 6. d4 Bg7 7. e4 Nxc3 8.
bxc3 O-O 9. Be3 c5 10. Rc1 cxd4 11. cxd4 Nc6 12. Bb5 Bd7 13. d5 Nb8 14. O-O a6
15. Bxd7 Nxd7 16. Qb4 b5 17. Rc6 Ne5 18. Nxe5 Bxe5 19. Rfc1 Qd7 20. f4 Bb8 21.
Kh1 Re8 22. h3 Bd6 23. Qb3 f6 24. Qb2 e5 25. fxe5 Rxe5 26. Bf4 Rxd5 27. exd5
Bxf4 28. Rd1 Re8 29. Qc2 Qxd5 30. Rxf6 Qe5 31. Qb3+ Kh8 32. Rxf4 Qxf4 33. Qc3+
Qe5 34. Qc6 Qe6 35. Qc3+ Kg8 36. a3 Rc8 1/2-1/2

[Event "22. Copenhagen Open  (Politiken Cup)"]
[Site "Copenhagen"]
[Date "2000.07.22"]
[Round "6"]
[White "Andersen, Preben"]
[Black "Heinola, Vesa"]
[Result "1/2-1/2"]
[WhiteElo "2030"]
[BlackElo "2227"]
[PlyCount "62"]
[EventDate "2000.07.17"]
[EventType "swiss"]
[EventRounds "11"]
[EventCountry "DEN"]
[SourceDate "2004.01.01"]

1. e4 c5 2. Nf3 Nc6 3. Nc3 g6 4. g3 Bg7 5. Bg2 d6 6. h3 e5 7. d3 Nge7 8. Be3
Nd4 9. Qd2 h6 10. Nd1 Be6 11. c3 Nxf3+ 12. Bxf3 Nc6 13. Bg2 Rc8 14. O-O Qd7 15.
Kh2 b6 16. c4 Nd4 17. f4 exf4 18. Bxf4 g5 19. Be3 Be5 20. Nc3 h5 21. Nd5 Bxd5
22. exd5 f6 23. Bxd4 cxd4 24. Be4 Rc7 25. Bf5 Qe7 26. Kg2 h4 27. g4 Kf8 28.
Rae1 Kg7 29. b3 Qd8 30. a4 Re7 31. Be4 Qc7 1/2-1/2

[Event "22. Copenhagen Open  (Politiken Cup)"]
[Site "Copenhagen"]
[Date "2000.07.22"]
[Round "6"]
[White "Andersen, Rune"]
[Black "Hvenekilde, Jorgen"]
[Result "0-1"]
[WhiteElo "2077"]
[BlackElo "2260"]
[PlyCount "68"]
[EventDate "2000.07.17"]
[EventType "swiss"]
[EventRounds "11"]
[EventCountry "DEN"]
[SourceDate "2004.01.01"]

1. d4 Nf6 2. c4 e5 3. dxe5 Ne4 4. a3 Nc6 5. Nf3 d6 6. Qc2 Nc5 7. exd6 Bxd6 8.
b4 Ne6 9. Bb2 O-O 10. e3 Re8 11. Bd3 Ng5 12. Nbd2 {[#]} Bxb4 13. O-O-O Bf8 14.
Nxg5 Qxg5 15. Bxh7+ Kh8 16. Nf3 Qh6 17. Be4 Be7 18. g4 Bf6 19. g5 Bxb2+ 20.
Kxb2 Qh5 21. g6 Bg4 22. Rd5 f5 23. Nd2 Ne5 24. Bg2 Qxg6 25. f4 Nc6 26. e4 Be2
27. Rg1 Ne7 28. Rb5 Rad8 29. Rb3 Bd3 30. Qc1 Qd6 31. Qe1 Qd4+ 32. Ka2 fxe4 33.
Bxe4 Bxe4 34. Nxe4 Nf5 0-1

[Event "22. Copenhagen Open  (Politiken Cup)"]
[Site "Copenhagen"]
[Date "2000.07.22"]
[Round "6"]
[White "Andersen, Tom Juul"]
[Black "Nilsson, Nils Specht"]
[Result "1-0"]
[WhiteElo "2106"]
[BlackElo "2188"]
[PlyCount "81"]
[EventDate "2000.07.17"]
[EventType "swiss"]
[EventRounds "11"]
[EventCountry "DEN"]
[SourceDate "2004.01.01"]

1. c4 g6 2. Nf3 Bg7 3. g3 e5 4. Nc3 Ne7 5. Bg2 O-O 6. d4 d6 7. O-O Bg4 8. dxe5
dxe5 9. Qb3 Nbc6 10. Qxb7 Rb8 11. Qa6 Rb6 12. Qa4 Rb4 13. Qc2 Bxf3 14. Bxf3 Nd4
15. Qd3 Nxf3+ 16. Qxf3 Rxc4 17. Bg5 f6 18. Rfd1 Rd4 19. Be3 Rxd1+ 20. Rxd1 Qa8
21. Qxa8 Rxa8 22. Rd7 Nf5 23. Bc5 Nd4 24. Rxc7 a6 25. Rd7 f5 26. e4 Rc8 27. Bd6
Nf3+ 28. Kg2 Ne1+ 29. Kf1 Nd3 30. Ba3 fxe4 31. Nxe4 Rc1+ 32. Ke2 Ne1 33. Rd8+
Kf7 34. Ng5+ Kf6 35. h4 Bh6 36. Rd6+ Kf5 37. Nxh7 Ng2 38. Rf6+ Ke4 39. f3+ Kd4
40. Rd6+ Kc4 41. b3+ 1-0

[Event "22. Copenhagen Open  (Politiken Cup)"]
[Site "Copenhagen"]
[Date "2000.07.22"]
[Round "6"]
[White "Andreasen, Per Naesby"]
[Black "Lardot, Derik"]
[Result "1-0"]
[WhiteElo "2293"]
[BlackElo "2019"]
[PlyCount "101"]
[EventDate "2000.07.17"]
[EventType "swiss"]
[EventRounds "11"]
[EventCountry "DEN"]
[SourceDate "2004.01.01"]

1. c4 c5 2. Nf3 b6 3. e3 g6 4. Nc3 Bg7 5. d4 Bb7 6. Be2 d6 7. O-O Nd7 8. d5
Ngf6 9. e4 O-O 10. h3 Ne8 11. Bg5 Ndf6 12. Qd2 Bc8 13. Rfe1 Bd7 14. Bf1 Qc7 15.
Bf4 Nh5 16. Bh2 e5 17. dxe6 fxe6 18. e5 dxe5 19. Nxe5 Bxe5 20. Bxe5 Qb7 21. Ne2
Bc6 22. Nf4 Nxf4 23. Bxf4 Qf7 24. Be5 Ng7 25. Rad1 Rad8 26. Qe2 Nf5 27. Bc3
Rxd1 28. Rxd1 Ng7 29. Rd6 Bd7 30. f3 Bc8 31. Qe5 Qe7 32. Rc6 Bd7 33. Rc7 Rd8
34. Rxa7 h6 35. Qf6 Nf5 36. Qxg6+ Kf8 37. Bd3 Be8 38. Rxe7 Bxg6 39. Rxe6 Rxd3
40. Rxg6 Ne3 41. Rxb6 Nxc4 42. Rxh6 Rd1+ 43. Kh2 Ne3 44. h4 Nf1+ 45. Kh3 Ne3
46. g4 Rg1 47. h5 Nf1 48. Rf6+ Ke7 49. h6 Ne3 50. Kh4 Nd5 51. Kg5 1-0

[Event "22. Copenhagen Open  (Politiken Cup)"]
[Site "Copenhagen"]
[Date "2000.07.22"]
[Round "6"]
[White "Antonsen, Mikkel"]
[Black "Mortensen, Henrik"]
[Result "1-0"]
[WhiteElo "2377"]
[BlackElo "2089"]
[PlyCount "67"]
[EventDate "2000.07.17"]
[EventType "swiss"]
[EventRounds "11"]
[EventCountry "DEN"]
[SourceDate "2004.01.01"]

1. d4 Nf6 2. Nf3 c5 3. d5 d6 4. Nc3 g6 5. e4 a6 6. a4 Bg7 7. Nd2 e5 8. Be2 O-O
9. O-O Ne8 10. a5 f5 11. Nc4 Nd7 12. Ra3 f4 13. Na4 Ndf6 14. f3 Nh5 15. Nab6
Rb8 16. Nxc8 Rxc8 17. Bd2 Ng3 18. hxg3 fxg3 19. Be1 Qh4 20. Bxg3 Qxg3 21. f4
Qh4 22. Rh3 Qe7 23. Bg4 Rc7 24. Be6+ Kh8 25. g3 exf4 26. gxf4 Bd4+ 27. Kg2 Ng7
28. Qg4 Nxe6 29. Qxe6 Qxe6 30. dxe6 Re7 31. f5 Rg8 {[#]} 32. f6 Rxe6 33. Rxh7+
Kxh7 34. Rh1# 1-0

[Event "22. Copenhagen Open  (Politiken Cup)"]
[Site "Copenhagen"]
[Date "2000.07.22"]
[Round "6"]
[White "Auchenberg, Per"]
[Black "Andersen, Finn"]
[Result "1-0"]
[WhiteElo "2006"]
[BlackElo "1531"]
[PlyCount "37"]
[EventDate "2000.07.17"]
[EventType "swiss"]
[EventRounds "11"]
[EventCountry "DEN"]
[SourceDate "2004.01.01"]

1. f4 e5 2. fxe5 d6 3. exd6 Bxd6 4. Nf3 g5 5. g3 g4 6. Nh4 Ne7 7. Nc3 Ng6 8.
Nxg6 hxg6 9. Ne4 Bf5 10. Nxd6+ Qxd6 11. d3 Nd7 12. Bf4 Qc6 13. e4 O-O-O 14. Qe2
Rhe8 15. Bg2 Nc5 16. O-O Ne6 17. Be3 Nd4 18. Bxd4 Rxd4 19. Qf2 1-0

[Event "22. Copenhagen Open  (Politiken Cup)"]
[Site "Copenhagen"]
[Date "2000.07.22"]
[Round "6"]
[White "Baburin, Alexander"]
[Black "De Firmian, Nick E"]
[Result "1/2-1/2"]
[WhiteElo "2590"]
[BlackElo "2567"]
[PlyCount "59"]
[EventDate "2000.07.17"]
[EventType "swiss"]
[EventRounds "11"]
[EventCountry "DEN"]
[SourceDate "2004.01.01"]

1. d4 Nf6 2. c4 e6 3. Nc3 Bb4 4. Qc2 O-O 5. a3 Bxc3+ 6. Qxc3 Ne4 7. Qc2 f5 8.
e3 b6 9. Ne2 c5 10. f3 Nd6 11. b3 Bb7 12. dxc5 bxc5 13. Bb2 Qh4+ 14. Ng3 Ne8
15. b4 Nc6 16. b5 Ne7 17. Bd3 Nf6 18. O-O d6 19. a4 a6 20. Rad1 Rad8 21. Rfe1
Bc8 22. Bc3 Bb7 23. Bf1 Ne8 24. Qb2 Ra8 25. a5 e5 26. Qf2 Qh6 27. Rd2 Bc8 28.
Red1 Qg6 29. f4 e4 30. Qe2 1/2-1/2

[Event "22. Copenhagen Open  (Politiken Cup)"]
[Site "Copenhagen"]
[Date "2000.07.22"]
[Round "6"]
[White "Bekker Jensen, Simon"]
[Black "Simonsen, Olavur"]
[Result "0-1"]
[WhiteElo "2388"]
[BlackElo "2183"]
[PlyCount "52"]
[EventDate "2000.07.17"]
[EventType "swiss"]
[EventRounds "11"]
[EventCountry "DEN"]
[SourceDate "2004.01.01"]

1. d4 Nf6 2. c4 e5 3. dxe5 Ne4 4. a3 Nc6 5. Nf3 d6 6. exd6 Bxd6 7. Nbd2 Bf5 8.
Nxe4 Bxe4 9. e3 Qe7 10. Nd2 O-O-O 11. Qa4 Nd4 12. Nxe4 Qxe4 13. Kd1 {[#]} Nc2
14. Qxc2 Bb4+ 15. Bd2 Rxd2+ 16. Qxd2 Bxd2 17. Kxd2 Rd8+ 18. Kc3 Qe5+ 19. Kc2
Qf5+ 20. Kc3 Qf6+ 21. Kb3 Rd2 22. Rb1 Qxf2 23. g3 Qxe3+ 24. Ka2 Qe6 25. Re1 Qg4
26. h4 f5 0-1

[Event "22. Copenhagen Open  (Politiken Cup)"]
[Site "Copenhagen"]
[Date "2000.07.22"]
[Round "6"]
[White "Bering, Anders"]
[Black "Fant, Goran"]
[Result "1/2-1/2"]
[WhiteElo "1943"]
[BlackElo "2062"]
[PlyCount "98"]
[EventDate "2000.07.17"]
[EventType "swiss"]
[EventRounds "11"]
[EventCountry "DEN"]
[SourceDate "2004.01.01"]

1. e4 e6 2. d4 d5 3. Nc3 Bb4 4. e5 c5 5. a3 Ba5 6. b4 cxd4 7. Qg4 Ne7 8. Nb5
Bb6 9. Qxg7 Kd7 10. Nf3 Rg8 11. Qxh7 Nbc6 12. Bg5 a6 13. Bxe7 Kxe7 14. Nd6 Qf8
15. Qh4+ f6 16. Nxc8+ Rxc8 17. g3 Rg6 18. Qh7+ Rg7 19. exf6+ Qxf6 20. Qh4 Qxh4
21. Nxh4 Ne5 22. O-O-O Rc3 23. f4 Ng4 24. f5 e5 25. Bh3 Ne3 26. f6+ Kxf6 27.
Rhf1+ Kg5 28. Nf3+ Kh6 29. Nxe5 Rxc2+ 30. Kb1 Rxh2 31. Rf6+ Kh7 32. Bf5+ Nxf5
33. Rxf5 Rxg3 34. Rf7+ Rg7 35. Rxg7+ Kxg7 36. Nd7 Rh6 37. Nxb6 Rxb6 38. Rxd4
Rd6 39. Rf4 Rf6 40. Rd4 Rf5 41. Kc2 Kf6 42. b5 Ke5 43. Ra4 Rf4 44. bxa6 bxa6
45. Rxa6 d4 46. Kd3 Rf3+ 47. Ke2 Re3+ 48. Kd2 Kd5 49. Ra5+ Kc4 1/2-1/2

[Event "22. Copenhagen Open  (Politiken Cup)"]
[Site "Copenhagen"]
[Date "2000.07.22"]
[Round "6"]
[White "Bogdanov, Dimitri"]
[Black "Laustsen, Lars"]
[Result "1-0"]
[WhiteElo "2093"]
[BlackElo "1974"]
[PlyCount "49"]
[EventDate "2000.07.17"]
[EventType "swiss"]
[EventRounds "11"]
[EventCountry "DEN"]
[SourceDate "2004.01.01"]

1. e4 c5 2. Nc3 Nc6 3. f4 g6 4. Nf3 Bg7 5. Bb5 Nd4 6. O-O a6 7. Bd3 e6 8. Nxd4
Bxd4+ 9. Kh1 Ne7 10. e5 d6 11. Ne4 dxe5 12. Nf6+ Kf8 13. fxe5 Bxe5 14. Qe1 Qd4
15. Ng4 Bg7 16. Be2 e5 17. c3 Qd8 18. Bc4 Nf5 19. Nxe5 Be6 20. Bxe6 fxe6 21. d4
cxd4 22. cxd4 Bf6 23. Nf3 Nxd4 24. Nxd4 Qxd4 25. Bg5 1-0

[Event "22. Copenhagen Open  (Politiken Cup)"]
[Site "Copenhagen"]
[Date "2000.07.22"]
[Round "6"]
[White "Brynell, Stellan"]
[Black "Nilssen, John Arni"]
[Result "1-0"]
[WhiteElo "2484"]
[BlackElo "2354"]
[PlyCount "101"]
[EventDate "2000.07.17"]
[EventType "swiss"]
[EventRounds "11"]
[EventCountry "DEN"]
[SourceDate "2004.01.01"]

1. e4 c5 2. Nf3 Nc6 3. Bb5 g6 4. O-O Bg7 5. c3 Nf6 6. Re1 O-O 7. d4 d5 8. e5
Ne4 9. Bxc6 bxc6 10. Nbd2 cxd4 11. cxd4 Nxd2 12. Nxd2 c5 13. dxc5 Qc7 14. Nf3
Qxc5 15. Nd4 f6 16. Nb3 Qc4 17. Be3 fxe5 18. Rc1 Qg4 19. Qxd5+ Be6 20. Qb7 Rab8
21. Qxe7 Bd5 22. Qg5 Qxg5 23. Bxg5 e4 $11 24. Be3 Rf7 25. Re2 Bxb3 26. axb3
Rxb3 27. Rc8+ Rf8 28. Rxf8+ Kxf8 29. Bc5+ Kf7 30. Ba3 Rd3 31. g3 Bd4 32. Rxe4
Rd2 33. Rf4+ Ke6 34. b3 Rd3 35. Bf8 Be5 36. Rh4 h5 37. b4 Rd2 38. Bc5 Kd5 39.
Bxa7 Rb2 40. Bc5 Rc2 41. Kg2 Rc3 42. Be7 Rc2 43. b5 Rb2 44. Rb4 Rxb4 45. Bxb4
Kc4 46. f4 Bf6 47. b6 Bd8 48. Ba5 Be7 49. b7 Bd6 50. Bb6 Bb8 51. f5 1-0

[Event "22. Copenhagen Open  (Politiken Cup)"]
[Site "Copenhagen"]
[Date "2000.07.22"]
[Round "6"]
[White "Brondum, Jan Kraul"]
[Black "Andersen, Matias Lolk"]
[Result "1/2-1/2"]
[WhiteElo "1452"]
[BlackElo "1096"]
[PlyCount "83"]
[EventDate "2000.07.17"]
[EventType "swiss"]
[EventRounds "11"]
[EventCountry "DEN"]
[SourceDate "2004.01.01"]

1. e4 e5 2. Nf3 Nc6 3. Bb5 Nf6 4. O-O d6 5. Re1 Bg4 6. h3 Bxf3 7. Qxf3 Qd7 8.
c3 a6 9. Ba4 b5 10. Bb3 Be7 11. d3 O-O 12. Nd2 Rfe8 13. Nf1 Na5 14. Bc2 c5 15.
Bg5 c4 16. d4 Nc6 17. d5 Nb8 18. Be3 Qb7 19. Ng3 Nbd7 20. Nf5 Kh8 $11 21. g4 g6
22. Nh6 Rf8 23. Kh2 Kg7 24. Rg1 Ng8 25. Nf5+ Kh8 26. Nxe7 Nxe7 27. Bh6 Kg8 28.
Rg3 Rfe8 29. Rag1 f6 30. g5 Kf7 31. gxf6 Nxf6 32. Qg2 a5 33. f4 Rad8 34. f5 Rg8
35. Rf1 gxf5 36. Rg7+ Ke8 37. Rxg8+ Nexg8 38. Rxf5 Qf7 $11 39. Bd1 Kd7 40. Bg5
Rf8 41. Bg4 Kc7 42. Bxf6 $11 1/2-1/2

[Event "22. Copenhagen Open  (Politiken Cup)"]
[Site "Copenhagen"]
[Date "2000.07.22"]
[Round "6"]
[White "Baekgaard, Martin"]
[Black "Malvild, Robert"]
[Result "1-0"]
[WhiteElo "2170"]
[BlackElo "2029"]
[PlyCount "59"]
[EventDate "2000.07.17"]
[EventType "swiss"]
[EventRounds "11"]
[EventCountry "DEN"]
[SourceDate "2004.01.01"]

1. d4 Nf6 2. c4 g6 3. Nc3 Bg7 4. e4 d6 5. Nf3 O-O 6. Be2 e5 7. O-O Nc6 8. d5
Ne7 9. b4 a5 10. Ba3 axb4 11. Bxb4 b6 12. a4 Bg4 13. a5 bxa5 14. Bxa5 Qc8 15.
c5 Bxf3 16. Bxf3 dxc5 17. Qd3 Ne8 18. Qc4 c6 19. Qxc5 Qd7 20. Bb4 Rxa1 21. Rxa1
Nc8 22. Qxc6 Qxc6 23. dxc6 Ned6 24. Rd1 Rd8 25. Nb5 Bf8 26. c7 Rd7 27. Bxd6
Bxd6 28. Nxd6 Rxd6 29. Rxd6 Nxd6 30. Be2 1-0

[Event "22. Copenhagen Open  (Politiken Cup)"]
[Site "Copenhagen"]
[Date "2000.07.22"]
[Round "6"]
[White "Bohlke, Christian"]
[Black "Lund, Silas"]
[Result "0-1"]
[WhiteElo "2052"]
[BlackElo "2261"]
[PlyCount "110"]
[EventDate "2000.07.17"]
[EventType "swiss"]
[EventRounds "11"]
[EventCountry "DEN"]
[SourceDate "2004.01.01"]

1. e4 c6 2. d4 d5 3. Nd2 dxe4 4. Nxe4 Nd7 5. Bc4 Ngf6 6. Ng5 e6 7. Qe2 Nb6 8.
Bd3 h6 9. N5f3 c5 10. Be3 Qc7 11. Ne5 cxd4 12. Bxd4 Bc5 13. Bb5+ Nbd7 14. Nxd7
Bxd7 15. Bxd7+ Nxd7 16. O-O-O O-O 17. Nf3 Rac8 18. Kb1 Rfd8 19. Rhe1 Qb6 20. c3
Bxd4 21. Rxd4 Nf6 22. Red1 Rxd4 23. Rxd4 Rxc3 24. Qd2 Rc8 25. Ne5 Nd5 26. b3
Qd8 27. f4 Qf6 28. g3 Qf5+ 29. Kb2 h5 30. Nc4 Qf6 31. Ne5 b5 32. a3 Qf5 33. Qd3
Qh3 34. Qe2 h4 35. Rd3 Qf5 36. Rd2 b4 37. Qd3 bxa3+ 38. Kxa3 Qf6 39. Rc2 Rb8
40. Rc4 a5 41. Qd4 Qe7+ 42. Rc5 Qb7 43. Qc4 a4 44. Qxa4 Nb6 45. Qb5 Qh1 46.
gxh4 Qa1+ 47. Kb4 Qe1+ 48. Ka3 Qa1+ 49. Kb4 Qe1+ 50. Ka3 Ra8+ 51. Kb2 Qa1+ 52.
Kc2 Ra2+ 53. Kd3 Qf1+ 54. Kc3 Qe1+ 55. Kd4 Qf2+ 0-1

[Event "22. Copenhagen Open  (Politiken Cup)"]
[Site "Copenhagen"]
[Date "2000.07.22"]
[Round "6"]
[White "Damgaard, Sven"]
[Black "Osttveit, Martin"]
[Result "0-1"]
[WhiteElo "1887"]
[BlackElo "2079"]
[PlyCount "88"]
[EventDate "2000.07.17"]
[EventType "swiss"]
[EventRounds "11"]
[EventCountry "DEN"]
[SourceDate "2004.01.01"]

1. d4 Nf6 2. c4 c5 3. d5 b5 4. cxb5 a6 5. Nc3 axb5 6. Nxb5 Ba6 7. Nc3 d6 8. e4
Bxf1 9. Kxf1 g6 10. g3 Bg7 11. Kg2 O-O 12. Rb1 Nfd7 13. Nge2 Na6 14. b3 Qb6 15.
Bb2 Nc7 16. Qd2 Qb7 17. Na4 Bxb2 18. Rxb2 Rfb8 19. Nec3 Qb4 20. Rhb1 Ne5 21. f4
Ng4 22. Qe2 Nf6 23. Rd1 Nb5 24. Nxb5 Rxb5 25. e5 Ne8 26. Rc2 Rbb8 27. e6 f5 28.
Rc4 Qa3 29. h3 Rb4 30. g4 Rxc4 31. Qxc4 Qxa2+ 32. Kg3 Nf6 33. Nc3 Qc2 34. gxf5
Qxf5 35. Rf1 Rf8 36. Kh2 Nh5 37. Ne2 Rb8 38. Ra1 Qf6 39. Rf1 Rb4 40. Qd3 Qb2
41. f5 Nf4 42. Rxf4 Rxf4 43. fxg6 Rf2+ 44. Kg1 Rxe2 0-1

[Event "22. Copenhagen Open  (Politiken Cup)"]
[Site "Copenhagen"]
[Date "2000.07.22"]
[Round "6"]
[White "Dencker, Martin"]
[Black "Hansen, Henrik Damgaard"]
[Result "0-1"]
[WhiteElo "1331"]
[BlackElo "1508"]
[PlyCount "70"]
[EventDate "2000.07.17"]
[EventType "swiss"]
[EventRounds "11"]
[EventCountry "DEN"]
[SourceDate "2004.01.01"]

1. e4 d5 2. exd5 Nf6 3. Bb5+ Bd7 4. Bc4 b5 5. Bb3 a5 6. a4 b4 7. c4 bxc3 8.
Nxc3 Na6 9. Bc4 Nb4 10. Nf3 Bg4 11. Ne4 Nxe4 12. Bb5+ Bd7 13. Ne5 Bxb5 14. axb5
Qxd5 15. Nc6 Nxc6 16. bxc6 Qxc6 17. Qf3 Qd5 18. d3 Nf6 19. b4 Qxf3 20. gxf3 e6
21. Bd2 Nd5 22. Rxa5 Rxa5 23. bxa5 Bc5 24. O-O Kd7 25. Ra1 Ra8 26. Kf1 Ra6 27.
Ke2 Bb4 28. Bxb4 Nxb4 29. Rg1 g6 30. Rg5 Nc6 31. h4 h5 32. Ke3 Ne7 33. Kd4 Nf5+
34. Kc4 Rxa5 35. Kb4 Ra2 0-1